| 000 | 00495nam a2200181Ia 4500 | ||
|---|---|---|---|
| 001 | 18482 | ||
| 005 | 20260306171634.0 | ||
| 008 | 260306s9999||||xx |||||||||||||| ||und|| | ||
| 041 | _aESP | ||
| 082 |
_a658.406 _bF54 |
||
| 100 |
_aFisk, Peter _eAUT |
||
| 245 | 0 |
_aIngenio creativo: _buna guía de innovación para líderes empresariales progresistas y visionarios |
|
| 260 | _c2012 | ||
| 300 |
_axvii, 373 páginas : _c23 cm. |
||
| 650 | _aGEN | ||
| 654 | _aCAN | ||
| 942 |
_cLIB _dJUS _fJUS _2ddc _n |
||
| 999 |
_c18482 _d18482 |
||